00820nam a2200181 i 450000100060000000300090000600500170001500700030003200800410003510000460007624501100012226000340023230000200026650501830028685200310046999900170050095201210051762609ES-MaACL20230906164711.0t|031124m19671968sp ||||1| spa d1 aFernández Gutiérrez, Julián.94984110aInstantáneas de un sentimiento de la vida optimista y trascendente /cJulián Fernández Gutiérrez. a[Madrid : bs.n.], c1967-68. a4 v. ; c23 cm.8 aContiene: T. I: ¿Quién es Dios?. -- T. II: ¿Qué es lo ultrahumano?. -- T. III: ¿Cómo es el fin del mundo?. -- T. IV: ¿Qué hay al otro lado de la barrera de la muerte? aES-MaACLjP-1301 bR.63361 c62609d62609 00104070aATENEOMbATENEOMcDEPO2d2008-01-17eSCl0oP-1301p1065638r2023-02-23 00:00:00w2023-02-23yMONOGRAFIA